<?xml version="1.0" encoding="UTF-8"?>
<collection xmlns="http://www.loc.gov/MARC21/slim">
 <record>
  <leader>04835cam a2200913 c 4500</leader>
  <controlfield tag="001">011516518</controlfield>
  <controlfield tag="003">DE-627</controlfield>
  <controlfield tag="005">20260303114119.0</controlfield>
  <controlfield tag="007">tu</controlfield>
  <controlfield tag="008">710101s1982    gw ||||| c    00| ||ger c</controlfield>
  <datafield tag="015" ind1=" " ind2=" ">
   <subfield code="a">83,B15,0305</subfield>
   <subfield code="2">dnb</subfield>
  </datafield>
  <datafield tag="016" ind1="7" ind2=" ">
   <subfield code="a">830740457</subfield>
   <subfield code="2">DE-101</subfield>
  </datafield>
  <datafield tag="020" ind1=" " ind2=" ">
   <subfield code="q"> : DM 25.00 (engl. brosch.)</subfield>
  </datafield>
  <datafield tag="035" ind1=" " ind2=" ">
   <subfield code="a">(DE-627)011516518</subfield>
  </datafield>
  <datafield tag="035" ind1=" " ind2=" ">
   <subfield code="a">(DE-576)03658973X</subfield>
  </datafield>
  <datafield tag="035" ind1=" " ind2=" ">
   <subfield code="a">(DE-599)GBV011516518</subfield>
  </datafield>
  <datafield tag="035" ind1=" " ind2=" ">
   <subfield code="a">(OCoLC)256062255</subfield>
  </datafield>
  <datafield tag="035" ind1=" " ind2=" ">
   <subfield code="a">(OCoLC)74615209</subfield>
  </datafield>
  <datafield tag="035" ind1=" " ind2=" ">
   <subfield code="a">(OCoLC)220146326</subfield>
  </datafield>
  <datafield tag="040" ind1=" " ind2=" ">
   <subfield code="a">DE-627</subfield>
   <subfield code="b">ger</subfield>
   <subfield code="c">DE-627</subfield>
   <subfield code="e">rakwb</subfield>
  </datafield>
  <datafield tag="041" ind1=" " ind2=" ">
   <subfield code="a">ger</subfield>
  </datafield>
  <datafield tag="044" ind1=" " ind2=" ">
   <subfield code="c">XA-DE</subfield>
   <subfield code="c">XA-DE-BW</subfield>
  </datafield>
  <datafield tag="084" ind1=" " ind2=" ">
   <subfield code="a">46</subfield>
   <subfield code="2">sdnb</subfield>
  </datafield>
  <datafield tag="084" ind1=" " ind2=" ">
   <subfield code="a">9,10</subfield>
   <subfield code="2">ssgn</subfield>
  </datafield>
  <datafield tag="084" ind1=" " ind2=" ">
   <subfield code="a">LH 48720</subfield>
   <subfield code="2">rvk</subfield>
   <subfield code="0">(DE-625)rvk/93708:</subfield>
  </datafield>
  <datafield tag="084" ind1=" " ind2=" ">
   <subfield code="a">07</subfield>
   <subfield code="2">bwlb</subfield>
  </datafield>
  <datafield tag="084" ind1=" " ind2=" ">
   <subfield code="a">863</subfield>
   <subfield code="2">bwlb</subfield>
  </datafield>
  <datafield tag="084" ind1=" " ind2=" ">
   <subfield code="a">21.32</subfield>
   <subfield code="2">bkl</subfield>
  </datafield>
  <datafield tag="245" ind1="0" ind2="0">
   <subfield code="a">Meisterwerke alter Druckgraphik aus der Staatsgalerie Stuttgart</subfield>
   <subfield code="b">zum 100. Geburtstag des Stifters Max Kade ; Ausstellung, Stuttgarter Galerieverein e.V. ; Graphische Sammlung Staatsgalerie Stuttgart, 9. Dez. 1982 bis 13. Feb. 1983</subfield>
   <subfield code="c">Stuttgarter Galerieverein e.V. [Katalogbearb. Heinrich Geissler. Unter Mitw. von Monika Kopplin .̤]</subfield>
  </datafield>
  <datafield tag="246" ind1="1" ind2=" ">
   <subfield code="i">Nebent.</subfield>
   <subfield code="a">Max Kade</subfield>
  </datafield>
  <datafield tag="246" ind1="3" ind2="0">
   <subfield code="a">Festschrift hundertsten</subfield>
  </datafield>
  <datafield tag="246" ind1="3" ind2="3">
   <subfield code="a">Max Kade</subfield>
  </datafield>
  <datafield tag="264" ind1=" " ind2="1">
   <subfield code="a">Stuttgart</subfield>
   <subfield code="b">Stuttgarter Galerieverein</subfield>
   <subfield code="c">[1982]</subfield>
  </datafield>
  <datafield tag="300" ind1=" " ind2=" ">
   <subfield code="a">236 S</subfield>
   <subfield code="b">überwiegend Ill.</subfield>
   <subfield code="c">28 cm</subfield>
  </datafield>
  <datafield tag="336" ind1=" " ind2=" ">
   <subfield code="a">Text</subfield>
   <subfield code="b">txt</subfield>
   <subfield code="2">rdacontent</subfield>
  </datafield>
  <datafield tag="336" ind1=" " ind2=" ">
   <subfield code="a">unbewegtes Bild</subfield>
   <subfield code="b">sti</subfield>
   <subfield code="2">rdacontent</subfield>
  </datafield>
  <datafield tag="337" ind1=" " ind2=" ">
   <subfield code="a">ohne Hilfsmittel zu benutzen</subfield>
   <subfield code="b">n</subfield>
   <subfield code="2">rdamedia</subfield>
  </datafield>
  <datafield tag="338" ind1=" " ind2=" ">
   <subfield code="a">Band</subfield>
   <subfield code="b">nc</subfield>
   <subfield code="2">rdacarrier</subfield>
  </datafield>
  <datafield tag="361" ind1="1" ind2=" ">
   <subfield code="5">DE-Hil6</subfield>
   <subfield code="y">3520581752</subfield>
   <subfield code="s">1 E c 5324</subfield>
   <subfield code="o">Vorbesitz</subfield>
   <subfield code="a">Zahlten, Johannes</subfield>
   <subfield code="0">(DE-588)129404969</subfield>
   <subfield code="0">(DE-627)394713648</subfield>
   <subfield code="0">(DE-576)216465532</subfield>
  </datafield>
  <datafield tag="500" ind1=" " ind2=" ">
   <subfield code="a">Festschrift Max Kade. - Literaturverz. S. 232 - 235</subfield>
  </datafield>
  <datafield tag="505" ind1="8" ind2=" ">
   <subfield code="a">Literaturverz. S. 232 - 235</subfield>
  </datafield>
  <datafield tag="583" ind1="1" ind2=" ">
   <subfield code="a">Massenentsäuerung nicht möglich</subfield>
   <subfield code="c">2019</subfield>
   <subfield code="k">DE-18</subfield>
   <subfield code="2">pdager</subfield>
   <subfield code="5">DE-H13</subfield>
  </datafield>
  <datafield tag="583" ind1="1" ind2=" ">
   <subfield code="a">Archivierung/Langzeitarchivierung gewährleistet</subfield>
   <subfield code="f">PEBW</subfield>
   <subfield code="x">XA-DE-BW</subfield>
   <subfield code="2">pdager</subfield>
   <subfield code="5">DE-24</subfield>
  </datafield>
  <datafield tag="583" ind1="1" ind2=" ">
   <subfield code="a">Archivierung/Langzeitarchivierung gewährleistet</subfield>
   <subfield code="f">SSG</subfield>
   <subfield code="x">XA-DE-BW</subfield>
   <subfield code="2">pdager</subfield>
   <subfield code="5">DE-16</subfield>
  </datafield>
  <datafield tag="600" ind1="1" ind2="7">
   <subfield code="0">(DE-588)119082144</subfield>
   <subfield code="0">(DE-627)079874401</subfield>
   <subfield code="0">(DE-576)211091278</subfield>
   <subfield code="a">Kade, Max</subfield>
   <subfield code="d">1882-1967</subfield>
   <subfield code="2">gnd</subfield>
   <subfield code="7">(dpeaa)DE-631</subfield>
  </datafield>
  <datafield tag="610" ind1="2" ind2="7">
   <subfield code="0">(DE-588)2022557-X</subfield>
   <subfield code="0">(DE-627)102102554</subfield>
   <subfield code="0">(DE-576)191754676</subfield>
   <subfield code="a">Staatsgalerie Stuttgart</subfield>
   <subfield code="2">gnd</subfield>
   <subfield code="7">(dpeaa)DE-631</subfield>
  </datafield>
  <datafield tag="650" ind1=" " ind2="4">
   <subfield code="a">Museum / Einz. Orte  Stuttgart</subfield>
  </datafield>
  <datafield tag="651" ind1=" " ind2="7">
   <subfield code="0">(DE-588)4058282-6</subfield>
   <subfield code="0">(DE-627)106147811</subfield>
   <subfield code="0">(DE-576)209125608</subfield>
   <subfield code="a">Stuttgart</subfield>
   <subfield code="2">gnd</subfield>
   <subfield code="7">(dpeaa)DE-631</subfield>
  </datafield>
  <datafield tag="655" ind1=" " ind2="7">
   <subfield code="a">Ausstellungskatalog</subfield>
   <subfield code="0">(DE-588)4135467-9</subfield>
   <subfield code="0">(DE-627)10566491X</subfield>
   <subfield code="0">(DE-576)209660988</subfield>
   <subfield code="2">gnd-content</subfield>
  </datafield>
  <datafield tag="655" ind1=" " ind2="7">
   <subfield code="a">Ausstellungskatalog</subfield>
   <subfield code="x">Graphische Sammlung der Staatsgalerie Stuttgart</subfield>
   <subfield code="y">09.12.1982-13.02.1983</subfield>
   <subfield code="z">Stuttgart</subfield>
   <subfield code="0">(DE-588)4135467-9</subfield>
   <subfield code="0">(DE-627)10566491X</subfield>
   <subfield code="0">(DE-576)209660988</subfield>
   <subfield code="2">gnd-content</subfield>
  </datafield>
  <datafield tag="655" ind1=" " ind2="7">
   <subfield code="a">Katalog</subfield>
   <subfield code="0">(DE-588)4163417-2</subfield>
   <subfield code="0">(DE-627)105454966</subfield>
   <subfield code="0">(DE-576)209880899</subfield>
   <subfield code="2">gnd-content</subfield>
  </datafield>
  <datafield tag="655" ind1=" " ind2="7">
   <subfield code="a">Festschrift</subfield>
   <subfield code="0">(DE-588)4016928-5</subfield>
   <subfield code="0">(DE-627)104400986</subfield>
   <subfield code="0">(DE-576)208917802</subfield>
   <subfield code="2">gnd-content</subfield>
  </datafield>
  <datafield tag="689" ind1="0" ind2="0">
   <subfield code="d">p</subfield>
   <subfield code="0">(DE-588)119082144</subfield>
   <subfield code="0">(DE-627)079874401</subfield>
   <subfield code="0">(DE-576)211091278</subfield>
   <subfield code="a">Kade, Max</subfield>
   <subfield code="d">1882-1967</subfield>
   <subfield code="2">gnd</subfield>
  </datafield>
  <datafield tag="689" ind1="0" ind2="1">
   <subfield code="d">s</subfield>
   <subfield code="0">(DE-588)4113357-2</subfield>
   <subfield code="0">(DE-627)104279680</subfield>
   <subfield code="0">(DE-576)20947582X</subfield>
   <subfield code="a">Druckgrafik</subfield>
   <subfield code="2">gnd</subfield>
  </datafield>
  <datafield tag="689" ind1="0" ind2="2">
   <subfield code="a">z</subfield>
   <subfield code="2">gnd</subfield>
   <subfield code="a">Geschichte 1470-1830</subfield>
  </datafield>
  <datafield tag="689" ind1="0" ind2=" ">
   <subfield code="5">(DE-627)</subfield>
  </datafield>
  <datafield tag="689" ind1="1" ind2="0">
   <subfield code="d">b</subfield>
   <subfield code="0">(DE-588)133503-0</subfield>
   <subfield code="0">(DE-627)102543984</subfield>
   <subfield code="0">(DE-576)190742828</subfield>
   <subfield code="a">Staatsgalerie Stuttgart</subfield>
   <subfield code="b">Graphische Sammlung</subfield>
   <subfield code="2">gnd</subfield>
  </datafield>
  <datafield tag="689" ind1="1" ind2="1">
   <subfield code="d">s</subfield>
   <subfield code="0">(DE-588)4113357-2</subfield>
   <subfield code="0">(DE-627)104279680</subfield>
   <subfield code="0">(DE-576)20947582X</subfield>
   <subfield code="a">Druckgrafik</subfield>
   <subfield code="2">gnd</subfield>
  </datafield>
  <datafield tag="689" ind1="1" ind2=" ">
   <subfield code="5">(DE-627)</subfield>
  </datafield>
  <datafield tag="700" ind1="1" ind2=" ">
   <subfield code="a">Geissler, Heinrich</subfield>
   <subfield code="d">1927-1990</subfield>
   <subfield code="e">Bearb.</subfield>
   <subfield code="0">(DE-588)124453678</subfield>
   <subfield code="0">(DE-627)363359222</subfield>
   <subfield code="0">(DE-576)215732081</subfield>
   <subfield code="4">adp</subfield>
  </datafield>
  <datafield tag="700" ind1="1" ind2=" ">
   <subfield code="a">Kade, Max</subfield>
   <subfield code="d">1882-1967</subfield>
   <subfield code="e">GefeierteR</subfield>
   <subfield code="0">(DE-588)119082144</subfield>
   <subfield code="0">(DE-627)079874401</subfield>
   <subfield code="0">(DE-576)211091278</subfield>
   <subfield code="4">hnr</subfield>
  </datafield>
  <datafield tag="700" ind1="1" ind2=" ">
   <subfield code="a">Kopplin, Monika</subfield>
   <subfield code="d">1953-</subfield>
   <subfield code="0">(DE-588)11931410X</subfield>
   <subfield code="0">(DE-627)080122418</subfield>
   <subfield code="0">(DE-576)16179324X</subfield>
   <subfield code="4">oth</subfield>
  </datafield>
  <datafield tag="710" ind1="2" ind2=" ">
   <subfield code="a">Stuttgarter Galerieverein</subfield>
   <subfield code="0">(DE-588)2023337-1</subfield>
   <subfield code="0">(DE-627)102127859</subfield>
   <subfield code="0">(DE-576)191761311</subfield>
   <subfield code="4">oth</subfield>
  </datafield>
  <datafield tag="710" ind1="2" ind2=" ">
   <subfield code="a">Staatsgalerie Stuttgart</subfield>
   <subfield code="b">Graphische Sammlung</subfield>
   <subfield code="0">(DE-588)133503-0</subfield>
   <subfield code="0">(DE-627)102543984</subfield>
   <subfield code="0">(DE-576)190742828</subfield>
   <subfield code="4">oth</subfield>
  </datafield>
  <datafield tag="710" ind1="2" ind2=" ">
   <subfield code="a">Staatsgalerie Stuttgart</subfield>
   <subfield code="0">(DE-588)2022557-X</subfield>
   <subfield code="0">(DE-627)102102554</subfield>
   <subfield code="0">(DE-576)191754676</subfield>
   <subfield code="4">oth</subfield>
  </datafield>
  <datafield tag="787" ind1="0" ind2="8">
   <subfield code="i">Rezensiert in</subfield>
   <subfield code="a">Locher, Hubert, 1963 - </subfield>
   <subfield code="t">&quot;Erzählkunst der Graphik&quot;</subfield>
   <subfield code="d">1993</subfield>
   <subfield code="w">(DE-627)1480439916</subfield>
   <subfield code="w">(DE-576)410439916</subfield>
  </datafield>
  <datafield tag="889" ind1=" " ind2=" ">
   <subfield code="w">(DE-627)076127249</subfield>
  </datafield>
  <datafield tag="935" ind1=" " ind2=" ">
   <subfield code="a">BWLB</subfield>
  </datafield>
  <datafield tag="935" ind1=" " ind2=" ">
   <subfield code="i">Blocktest</subfield>
  </datafield>
  <datafield tag="936" ind1="r" ind2="v">
   <subfield code="a">LH 48720</subfield>
   <subfield code="b">Stuttgart</subfield>
   <subfield code="k">Kunstgeschichte</subfield>
   <subfield code="k">Allgemeines. Allgemeine Kunstgeschichte</subfield>
   <subfield code="k">Ausstellungswesen, Ausstellungskataloge</subfield>
   <subfield code="k">Ausstellungskataloge</subfield>
   <subfield code="k">Orte S</subfield>
   <subfield code="k">Stuttgart</subfield>
   <subfield code="0">(DE-627)1271479877</subfield>
   <subfield code="0">(DE-625)rvk/93708:</subfield>
   <subfield code="0">(DE-576)201479877</subfield>
  </datafield>
  <datafield tag="936" ind1="b" ind2="k">
   <subfield code="a">21.32</subfield>
   <subfield code="j">Geschichte der Graphik</subfield>
   <subfield code="0">(DE-627)106405756</subfield>
  </datafield>
  <datafield tag="951" ind1=" " ind2=" ">
   <subfield code="a">BO</subfield>
  </datafield>
  <datafield tag="990" ind1=" " ind2=" ">
   <subfield code="a">Kade, Max</subfield>
  </datafield>
  <datafield tag="990" ind1=" " ind2=" ">
   <subfield code="a">Druckgrafik</subfield>
  </datafield>
  <datafield tag="990" ind1=" " ind2=" ">
   <subfield code="a">Geschichte 1470-1830</subfield>
  </datafield>
  <datafield tag="990" ind1=" " ind2=" ">
   <subfield code="a">Staatsgalerie Stuttgart / Graphische Sammlung</subfield>
  </datafield>
  <datafield tag="990" ind1=" " ind2=" ">
   <subfield code="a">Druckgrafik</subfield>
  </datafield>
  <datafield tag="991" ind1=" " ind2=" ">
   <subfield code="a">Rezensiertes Werk</subfield>
  </datafield>
  <datafield tag="999" ind1=" " ind2=" ">
   <subfield code="a">KXP-PPN011516518</subfield>
   <subfield code="e">4001630338</subfield>
  </datafield>
 </record>
</collection>
